• 首页
  • 本馆介绍
  • 公告通知
  • 最新文献
  • 馆藏检索
  • 电子资源
  • 读者导购
  • 参考咨询
  • 我的图书馆
  • 登录
  • 详细信息显示
  • 放入我的书架
  • 预约/预借图书
  • 作者相关作品
  • 分类相关作品
  • 丛书相关作品
  • 出版社相关作品

书目信息

  • 表格格式
  • 工作单格式
  • 卡片格式
题名:
自行车的使用和维修
    
 
作者: 北京东城自行车厂 编
分册:  
出版信息: 北京   北京出版社  1976.8
页数: 154页
开本: 20cm
丛书名:
单 册:
中图分类: U484
科图分类:
主题词: 道路--运输--工具
电子资源:
ISBN:
000 00571nam0 2200193 45
001 0312221749
005 20031222170901.7
010    @dCNY0.36
100    @a20031222d1976 km y0chiy0120 ea
101    @achi
105    @a z 000yy
200 1  @a自行车的使用和维修@AZi Xing Che De Shi Yong He Wei Xiu@f北京东城自行车厂编@FBei Jing Dong Cheng Zi Xing Che Chang Bian
210    @a北京@c北京出版社@d1976.8
215    @a154页@d20cm
606 0  @a道路@x运输@x工具
690    @aU484@v3
701 0  @a北京东城自行车厂@4编
801    @aCN@bTSTCL@c20031222
905    @a213230@dU484@e1
    
    自行车的使用和维修/北京东城自行车厂编.-北京:北京出版社,1976.8
    154页;20cm
    
    
    ISBN :CNY0.36
    
●
相关链接 在E读中查询图书 在五车中查询图书 在当当中查询图书 在豆瓣中查询图书


正题名:自行车的使用和维修     索取号:U484/1         预约/预借

序号 登录号 条形码 馆藏地/架位号 状态 备注
1 0056691   001483558   第二样本阅览室/ [索取号:U484/1] 在馆    
唐山师范学院图书馆 欢迎您!
大连网信软件有限公司© 版权所有